| 000 | 00476nam a2200205Ia 4500 | ||
|---|---|---|---|
| 008 | 170918s9999 xx 000 0 und d | ||
| 020 | _a9780746078129 | ||
| 050 | _bL657 2005 | ||
| 100 | _aLevene, Rebecca | ||
| 245 | _aCaptain cook / | ||
| 245 | _cby Rebecca Levene. | ||
| 260 | _aEngland : | ||
| 260 | _bUsborne, | ||
| 260 | _c2005 | ||
| 300 | _a61 pages : | ||
| 300 | _billustrations ; | ||
| 300 | _c19cm. | ||
| 300 | _eUsborne young reading. | ||
| 500 | _a880 | ||
| 999 |
_c343917 _d343917 |
||